000 00621nam a22002177a 4500
003 UA-OsUOA
001 107970
007 ta
008 20140924b un ||||| |||| 00| 0 ukr d
100 _aКаденюк Л.
090 _a82
_bК13
942 _cSA
040 _aUA-OsUOA
_bukr
_cUA-OsUOA
_dUA-OsUOA
245 _aпік Шевченка: історія сходжень до вершини Кобзаря
300 _aС.20-22
955 _a0
041 _aukr
080 _a82
773 0 _w107969
_tСвітогляд
_dК.
_d2014
_g4
650 7 _a82 Література. Літературознавство
_2UDC
999 _c394084
_d394084